[Event "Baden-Baden op"]
[Site "Baden-Baden"]
[Date "2024.02.13"]
[Round "9"]
[White "Schimnatkowski, Lukas"]
[Black "Suranyi, Pal"]
[Result "1-0"]
[WhiteElo "2178"]
[BlackElo "2001"]
[PlyCount "53"]
[EventDate "2024.02.09"]
[EventType "swiss"]
[EventRounds "9"]
[EventCountry "GER"]
[SourceTitle "CB08_2024"]
[SourceDate "2024.02.21"]
[SourceVersion "1"]
[SourceVersionDate "2024.02.21"]
[SourceQuality "1"]

1. e4 c5 2. Nc3 a6 3. g3 Nc6 4. Bg2 e5 5. d3 d6 6. f4 exf4 7. Bxf4 Nf6 8. Nf3 Be7 9. 0-0 0-0 10. Qd2 Ra7 11. Kh1 b5 12. a4 Rb7 13. axb5 axb5 14. e5 dxe5 15. Nxe5 Nxe5 16. Bxe5 Ng4 17. Bf4 g5 18. Be3 Nxe3 19. Qxe3 Qd4 20. Qxd4 cxd4 21. Bxb7 Bxb7+ 22. Ne4 Bb4 23. Rf5 Bd2 24. Rxb5 Bc6 25. Rc5 Bb7 26. Ra7 Bxe4+ 27. dxe4 1-0

[Event "Eindhoven WLC op 12th"]
[Site "Eindhoven"]
[Date "2022.05.14"]
[Round "2"]
[White "Blijlevens, Pim"]
[Black "Suranyi, Pal"]
[Result "0-1"]
[WhiteElo "1958"]
[BlackElo "2013"]
[PlyCount "36"]
[EventDate "2022.05.13"]
[EventType "swiss"]
[EventRounds "6"]
[EventCountry "NED"]
[SourceTitle "CBM 208 Extra"]
[Source "ChessBase"]
[SourceDate "2022.07.31"]
[SourceVersion "1"]
[SourceVersionDate "2022.07.31"]
[SourceQuality "1"]

1. d4 g6 2. c4 Bg7 3. Nc3 d6 4. e4 e5 5. Be3 exd4 6. Bxd4 Nf6 7. Qd2 Nc6 8. Be3 Ng4 9. Bg5 f6 10. Bf4 Be6 11. Nf3 Qd7 12. b3 0-0-0 13. Be2 g5 14. Bg3 h6 15. 0-0-0 f5 16. exf5 Bxf5 17. Bd3 Bxd3 18. Qxd3 Nb4 0-1

[Event "Eindhoven WLC op 12th"]
[Site "Eindhoven"]
[Date "2022.05.13"]
[Round "1"]
[White "Suranyi, Pal"]
[Black "Grooten, Herman"]
[Result "0-1"]
[WhiteElo "2013"]
[BlackElo "2286"]
[PlyCount "102"]
[EventDate "2022.05.13"]
[EventType "swiss"]
[EventRounds "6"]
[EventCountry "NED"]
[SourceTitle "CBM 208 Extra"]
[Source "ChessBase"]
[SourceDate "2022.07.31"]
[SourceVersion "1"]
[SourceVersionDate "2022.07.31"]
[SourceQuality "1"]

1. d4 Nf6 2. c4 c5 3. d5 b5 4. cxb5 a6 5. bxa6 g6 6. Nc3 Bxa6 7. Nf3 d6 8. e4 Bxf1 9. Kxf1 Nbd7 10. g3 Bg7 11. Kg2 0-0 12. a4 Ra6 13. Re1 Qa8 14. Nb5 Rb6 15. Ra3 Ng4 16. Qe2 Qb7 17. Nd2 Ngf6 18. f4 Ne8 19. Nc4 Ra6 20. g4 e6 21. dxe6 fxe6 22. Qf3 Ne5 23. Nxe5 Bxe5 24. h4 Bg7 25. g5 e5 26. Nc3 Nc7 27. Qd3 exf4 28. Rf1 Be5 29. Kf3 Kg7 30. h5 Ne6 31. hxg6 Nxg5+ 32. Ke2 h6 33. Nd5 Ne6 34. Kd1 Ra7 35. a5 Qa6 36. Qxa6 Rxa6 37. b4 Rb8 38. bxc5 dxc5 39. Bxf4 Nxf4 40. Rxf4 Bxf4 41. Nxf4 Rf8 42. Nd3 Rc8 43. Nf4 Re8 44. Rd3 Re7 45. e5 Rxa5 46. e6 Ra4 47. Rd7 Rxd7+ 48. exd7 Rxf4 49. d8Q Rd4+ 50. Qxd4+ cxd4 51. Kd2 h5 0-1

[Event "BL2-West 1920"]
[Site "Germany"]
[Date "2021.08.08"]
[Round "9.8"]
[White "Breest, Axel"]
[Black "Suranyi, Pal"]
[Result "0-1"]
[WhiteElo "2018"]
[BlackElo "2011"]
[PlyCount "52"]
[EventDate "2019.09.19"]
[EventType "team-tourn"]
[EventRounds "9"]
[EventCountry "GER"]
[SourceTitle "EXT 2023"]
[Source "ChessBase"]
[SourceDate "2022.10.05"]
[SourceVersion "1"]
[SourceVersionDate "2022.10.05"]
[SourceQuality "1"]
[WhiteTeam "Siegburg"]
[BlackTeam "Remagen Sinzig"]
[WhiteTeamCountry "GER"]
[BlackTeamCountry "GER"]

1. e4 c5 2. Nc3 d6 3. f4 g6 4. Nf3 Bg7 5. Bc4 e6 6. 0-0 Ne7 7. Qe1 Nbc6 8. d3 0-0 9. f5 d5 10. Bb3 c4 11. dxc4 dxe4 12. f6 Bxf6 13. Nxe4 Bg7 14. Bg5 f6 15. Rd1 Qc7 16. Bc1 Na5 17. g4 Nxb3 18. axb3 e5 19. Qh4 Bd7 20. Rd6 g5 21. Bxg5 fxg5 22. Nfxg5 Rxf1+ 23. Kxf1 h6 24. Rxh6 Rf8+ 25. Nf6+ Bxf6 26. Rg6+ Bg7+ 0-1

[Event "Davos Summer op"]
[Site "Davos"]
[Date "2020.07.09"]
[Round "1"]
[White "Brandis, Sarah"]
[Black "Suranyi, Pal"]
[Result "0-1"]
[WhiteElo "1657"]
[BlackElo "2037"]
[PlyCount "102"]
[EventDate "2020.07.09"]
[EventType "swiss"]
[EventRounds "5"]
[EventCountry "SUI"]
[SourceTitle "CBM 197 Extra"]
[Source "ChessBase"]
[SourceDate "2020.09.30"]
[SourceVersion "1"]
[SourceVersionDate "2020.09.30"]
[SourceQuality "1"]

1. e4 c5 2. Nf3 d6 3. d4 cxd4 4. Nxd4 Nf6 5. Nc3 a6 6. Bg5 e6 7. f4 h6 8. Bxf6 Qxf6 9. Qd2 Nc6 10. Nxc6 bxc6 11. Bc4 Be7 12. 0-0-0 0-0 13. h4 h5 14. g4 hxg4 15. Rdg1 Qh6 16. Rxg4 d5 17. Bd3 f5 18. exf5 exf5 19. Rg2 Bd7 20. Rhg1 Rf7 21. h5 Bd6 22. Ne2 Bc5 23. Rh1 Re8 24. Qc3 Be3+ 25. Kb1 Rf6 26. Qb4 c5 27. Qb7 Bc6 28. Qc7 d4 29. Rhh2 Kh8 30. Rg5 Be4 31. Bxe4 fxe4 32. Qxc5 Rc6 33. Qf5 d3 34. cxd3 exd3 35. Qxd3 Bxf4 36. Rgg2 Bxh2 37. Rxh2 Qh7 38. Qxh7+ Kxh7 39. b3 Re3 40. Nd4 Rf6 41. Kb2 Rf4 42. Nc2 Ree4 43. Ka3 Rh4 44. Rg2 Rxh5 45. b4 a5 46. bxa5 Rxa5+ 47. Kb3 g5 48. a3 Kh6 49. Rg3 Kh5 50. Nb4 Kh4 51. Rd3 g4 0-1

[Event "Heusenstamm Sparkassen op-A 6th"]
[Site "Heusenstamm"]
[Date "2019.11.21"]
[Round "1"]
[White "Suranyi, Pal"]
[Black "Huck, Robert"]
[Result "1-0"]
[WhiteElo "2102"]
[BlackElo "1832"]
[PlyCount "67"]
[EventDate "2019.11.21"]
[EventType "swiss"]
[EventRounds "7"]
[EventCountry "GER"]
[SourceTitle "CBM 194 Extra"]
[Source "ChessBase"]
[SourceDate "2020.03.31"]
[SourceVersion "1"]
[SourceVersionDate "2020.03.31"]
[SourceQuality "1"]

1. d4 Nf6 2. Nf3 d6 3. g3 Nbd7 4. Bg2 e5 5. c4 Be7 6. Nc3 c6 7. e4 0-0 8. 0-0 Qc7 9. b3 a6 10. h3 b5 11. Re1 Bb7 12. Be3 Rad8 13. Qc2 b4 14. Na4 c5 15. d5 Nb6 16. Nb2 Bc8 17. Kh2 Nh5 18. Qe2 g6 19. Nd2 Ng7 20. f4 f5 21. fxe5 dxe5 22. Bh6 f4 23. gxf4 Bh4 24. Rf1 Nh5 25. Bxf8 Ng3 26. Qe3 Rxf8 27. Nd3 Nxf1+ 28. Rxf1 exf4 29. Qxc5 Qd8 30. Rxf4 Rxf4 31. Nxf4 Qg5 32. Qe3 Nd7 33. Nf1 Ne5 34. Ne2 1-0

[Event "HUN-chT2 Erkel 1819"]
[Site "Hungary"]
[Date "2019.03.10"]
[Round "7.3"]
[White "Kozma, Gabor"]
[Black "Suranyi, Pal"]
[Result "0-1"]
[WhiteElo "2078"]
[BlackElo "2087"]
[PlyCount "92"]
[EventDate "2018.10.28"]
[EventType "team-tourn"]
[EventRounds "9"]
[EventCountry "HUN"]
[SourceTitle "EXT 2021"]
[Source "ChessBase"]
[SourceDate "2020.10.23"]
[SourceVersion "1"]
[SourceVersionDate "2020.10.23"]
[SourceQuality "1"]
[WhiteTeam "Szada GSBE"]
[BlackTeam "Budapest MTK II"]
[WhiteTeamCountry "HUN"]
[BlackTeamCountry "HUN"]

1. e4 c5 2. Nf3 d6 3. d4 cxd4 4. Nxd4 Nf6 5. Nc3 a6 6. f3 e6 7. Be3 b5 8. Qd2 Nbd7 9. a3 Bb7 10. 0-0-0 Rc8 11. g4 Nb6 12. Qf2 Nfd7 13. Rg1 Rxc3 14. bxc3 d5 15. Nb3 Bxa3+ 16. Kb1 Na4 17. Qe1 Qc7 18. Bd2 0-0 19. exd5 Bxd5 20. Rg3 Bd6 21. Rh3 Rc8 22. Bd3 g6 23. Qh4 Nf8 24. f4 Be7 25. g5 Qd6 26. Qe1 Nb6 27. Bc1 Nc4 28. Be4 a5 29. Bxd5 exd5 30. Rhd3 a4 31. Rxd5 Na3+ 32. Kb2 Nxc2 33. Kxc2 axb3+ 34. Kxb3 Qc7 35. R1d4 Ne6 36. Re4 Nc5+ 37. Rxc5 Bxc5 38. Bb2 Bf8 39. Re8 Qc4+ 40. Kc2 b4 41. Rxc8 b3+ 42. Kd2 Qxc8 43. c4 Bb4+ 44. Bc3 Qd7+ 45. Kc1 Qd3 46. Qe8+ Bf8 0-1

[Event "Heusenstamm Sparkassen op-A 5th"]
[Site "Heusenstamm"]
[Date "2018.11.23"]
[Round "2"]
[White "Suranyi, Pal"]
[Black "Khaetsky, Roman"]
[Result "0-1"]
[WhiteElo "2061"]
[BlackElo "2347"]
[PlyCount "68"]
[EventDate "2018.11.22"]
[EventType "swiss"]
[EventRounds "7"]
[EventCountry "GER"]
[SourceTitle "CBM 188 Extra"]
[Source "ChessBase"]
[SourceDate "2019.02.26"]
[SourceVersion "1"]
[SourceVersionDate "2019.02.26"]
[SourceQuality "1"]

1. d4 f5 2. e4 fxe4 3. Nc3 Nf6 4. Bg5 Nc6 5. d5 Ne5 6. Qe2 c6 7. f4 exf3 8. gxf3 Nf7 9. h4 Nxd5 10. Nxd5 cxd5 11. 0-0-0 Qa5 12. Nh3 Qxa2 13. Nf4 Qa1+ 14. Kd2 Qa5+ 15. Kc1 e6 16. Kb1 Bd6 17. Nh5 Bf8 18. Bd2 Qc5 19. Bh3 d4 20. f4 Kd8 21. Bxe6 Nd6 22. Bg4 b6 23. f5 Bb7 24. Bf3 Kc7 25. Bf4 Rc8 26. Bxb7 Kxb7 27. Ng3 Rc6 28. Bxd6 Bxd6 29. Ne4 Qd5 30. Nxd6+ Rxd6 31. Rhf1 Rc8 32. Rd3 Rdc6 33. Rd2 Rxc2 34. Rxc2 d3 0-1

[Event "Heusenstamm Sparkassen op-A 5th"]
[Site "Heusenstamm"]
[Date "2018.11.22"]
[Round "1"]
[White "Spelleken, Hans Gerd"]
[Black "Suranyi, Pal"]
[Result "0-1"]
[WhiteElo "1792"]
[BlackElo "2061"]
[PlyCount "52"]
[EventDate "2018.11.22"]
[EventType "swiss"]
[EventRounds "7"]
[EventCountry "GER"]
[SourceTitle "CBM 188 Extra"]
[Source "ChessBase"]
[SourceDate "2019.02.26"]
[SourceVersion "1"]
[SourceVersionDate "2019.02.26"]
[SourceQuality "1"]

1. Nf3 Nf6 2. d4 e6 3. Nbd2 c5 4. e4 cxd4 5. Nxd4 d5 6. e5 Nfd7 7. N2f3 Nc6 8. Bb5 Qc7 9. Bf4 a6 10. Nxc6 bxc6 11. Bd3 Rb8 12. Qc1 h6 13. c3 g5 14. Bg3 g4 15. Nd4 c5 16. Nxe6 fxe6 17. Bg6+ Kd8 18. Qf4 Be7 19. 0-0 h5 20. Qf7 h4 21. Qxe6 hxg3 22. fxg3 Qxe5 23. Qxg4 Qe3+ 24. Kh1 Ne5 25. Qd1 Rxh2+ 26. Kxh2 Ng4+ 0-1

[Event "BL2-West 1819"]
[Site "Germany"]
[Date "2018.11.11"]
[Round "2.8"]
[White "Suranyi, Pal"]
[Black "Neininger, Ralph"]
[Result "0-1"]
[WhiteElo "2061"]
[BlackElo "2115"]
[PlyCount "78"]
[EventDate "2018.11.21"]
[EventType "team-tourn"]
[EventRounds "9"]
[EventCountry "GER"]
[SourceTitle "CBM 190 Extra"]
[Source "ChessBase"]
[SourceDate "2019.07.15"]
[SourceVersion "1"]
[SourceVersionDate "2019.07.15"]
[SourceQuality "1"]
[WhiteTeam "Remagen Sinzig"]
[BlackTeam "Oberursel"]
[WhiteTeamCountry "GER"]
[BlackTeamCountry "GER"]

1. d4 d5 2. Nf3 Nf6 3. c4 dxc4 4. g3 b5 5. a4 b4 6. Bg2 Bb7 7. 0-0 e6 8. Nbd2 c5 9. Nxc4 Nc6 10. dxc5 Bxc5 11. Bf4 Nd5 12. Bg5 f6 13. Bd2 0-0 14. Qc2 Rc8 15. Qe4 Qe7 16. Qh4 Rfd8 17. Rac1 Rd7 18. Bh3 Rcd8 19. Qg4 Re8 20. Qh5 Rdd8 21. e4 Nb6 22. a5 g6 23. Bxe6+ Kh8 24. Qh4 Qxe6 25. axb6 axb6 26. e5 Nd4 27. Nxd4 Bxd4 28. Qxf6+ Qxf6 29. exf6 b3 30. f7 Rf8 31. Bc3 Bxc3 32. Rxc3 Rxf7 33. f4 Ba6 34. Ne5 Rff8 35. Rc7 Bxf1 36. Kxf1 Rd2 37. Nf7+ Rxf7 38. Rxf7 Rxb2 39. Rb7 Rc2 0-1

[Event "Rheinland Pfalz op 10th"]
[Site "Nickenich"]
[Date "2018.05.31"]
[Round "2"]
[White "Suranyi, Pal"]
[Black "Hesch, Lukas"]
[Result "1-0"]
[WhiteElo "2117"]
[BlackElo "1465"]
[PlyCount "57"]
[EventDate "2018.05.31"]
[EventType "swiss"]
[EventRounds "7"]
[EventCountry "GER"]
[SourceTitle "CBM 184 Extra"]
[Source "ChessBase"]
[SourceDate "2018.06.28"]
[SourceVersion "1"]
[SourceVersionDate "2018.06.28"]
[SourceQuality "1"]

1. d4 Nf6 2. Nf3 e6 3. g3 Nc6 4. Bg2 d5 5. 0-0 Bd6 6. c4 dxc4 7. Qa4 Nd5 8. Qxc4 Nb6 9. Qd3 0-0 10. e4 f5 11. exf5 exf5 12. Qb3+ Kh8 13. Nc3 Qf6 14. d5 Ne7 15. Be3 f4 16. Bd4 Qf7 17. Rfe1 Nexd5 18. Ng5 Qf5 19. Nxh7 Qxh7 20. Nxd5 Qh5 21. Nxf4 Bxf4 22. gxf4 Rxf4 23. Be5 Rg4 24. Bg3 Rg6 25. Re8+ Kh7 26. Qg8+ Kh6 27. Qh8+ Kg5 28. f4+ Kg4 29. Bf3+ 1-0

[Event "Budapest-chT1 Lilienthal 1213"]
[Site "Budapest"]
[Date "2013.03.10"]
[Round "9"]
[White "Borda, Lajos"]
[Black "Suranyi, Pal"]
[Result "1-0"]
[WhiteElo "2120"]
[BlackElo "2147"]
[PlyCount "51"]
[EventDate "2012.09.30"]
[EventType "team-tourn"]
[EventRounds "11"]
[EventCountry "HUN"]
[SourceTitle "EXT 2019"]
[Source "ChessBase"]
[SourceDate "2018.10.10"]
[SourceVersion "1"]
[SourceVersionDate "2018.10.10"]
[SourceQuality "1"]
[WhiteTeam "Taban Spartacus II"]
[BlackTeam "Budapest RAC"]
[WhiteTeamCountry "HUN"]
[BlackTeamCountry "HUN"]

1. e4 c5 2. Nf3 d6 3. d4 cxd4 4. Nxd4 Nf6 5. Bd3 Nc6 6. Ne2 d5 7. exd5 Nxd5 8. a3 Bg4 9. h3 Bh5 10. c4 Qa5+ 11. Bd2 Ndb4 12. Be4 0-0-0 13. 0-0 Qe5 14. Nbc3 Nd3 15. Bd5 Nd4 16. Be3 Nxe2+ 17. Nxe2 Nxb2 18. Bxb7+ Kc7 19. Qc2 Bxe2 20. Qxe2 Qc3 21. Rab1 Nd3 22. Be4 Ne5 23. Bxa7 e6 24. Bb6+ Kc8 25. Bb7+ Kxb7 26. Bd4+ 1-0

[Event "HUN-chT2 Szechenyi 1112"]
[Site "Hungary"]
[Date "2011.09.25"]
[Round "1.3"]
[White "Suranyi, Pal"]
[Black "Pinterne, Kovacs Marta"]
[Result "0-1"]
[WhiteElo "2153"]
[BlackElo "2133"]
[PlyCount "60"]
[EventDate "2011.09.25"]
[EventType "team-tourn"]
[EventRounds "11"]
[EventCountry "HUN"]
[SourceTitle "EXT 2013"]
[Source "ChessBase"]
[SourceDate "2012.11.22"]
[SourceVersion "1"]
[SourceVersionDate "2012.11.22"]
[SourceQuality "1"]
[WhiteTeam "Pet"]
[BlackTeam "Keszthely"]
[WhiteTeamCountry "HUN"]
[BlackTeamCountry "HUN"]

1. d4 d5 2. Nf3 e6 3. c4 f5 4. Nc3 c6 5. g4 fxg4 6. Ne5 Nf6 7. Bg5 Be7 8. e3 Nbd7 9. Bxf6 Bxf6 10. Qxg4 Qe7 11. 0-0-0 Bxe5 12. dxe5 Nxe5 13. Qh5+ Nf7 14. Kb1 Qf6 15. Rg1 g6 16. Qe2 0-0 17. h4 Qxh4 18. e4 Nd6 19. cxd5 exd5 20. f3 Qf4 21. exd5 Bf5+ 22. Ka1 Rae8 23. Qf2 Re3 24. dxc6 bxc6 25. Qd2 Nf7 26. Ne2 Qe5 27. Nd4 Rd8 28. Bc4 c5 29. Qxe3 Qxe3 30. Rge1 Rxd4 0-1